The thing around your neck / (Record no. 120432)
[ view plain ]
| 000 -LEADER | |
|---|---|
| fixed length control field | 01352cam a2200301 a 4500 |
| 001 - CONTROL NUMBER | |
| control field | 16537620 |
| 003 - CONTROL NUMBER IDENTIFIER | |
| control field | ARRUPE |
| 005 - DATE AND TIME OF LATEST TRANSACTION | |
| control field | 20141019020004.0 |
| 008 - FIXED-LENGTH DATA ELEMENTS--GENERAL INFORMATION | |
| fixed length control field | 101115s2009 nr 000 j eng |
| 010 ## - LIBRARY OF CONGRESS CONTROL NUMBER | |
| LC control number | 2010511142 |
| 020 ## - INTERNATIONAL STANDARD BOOK NUMBER | |
| International Standard Book Number | 9789784801232 (pbk.) |
| 040 ## - CATALOGING SOURCE | |
| Original cataloging agency | BTCTA |
| Language of cataloging | eng |
| Transcribing agency | BTCTA |
| Modifying agency | YDXCP |
| -- | ILC |
| -- | YOU |
| -- | NYP |
| -- | DLC |
| 042 ## - AUTHENTICATION CODE | |
| Authentication code | lccopycat |
| 043 ## - GEOGRAPHIC AREA CODE | |
| Geographic area code | f-nr--- |
| 050 00 - LIBRARY OF CONGRESS CALL NUMBER | |
| Classification number | PR9387.9.A34354 |
| Item number | T55 2009b |
| 300 ## - PHYSICAL DESCRIPTION | |
| Dimensions | 21 cm. |
| 100 1# - MAIN ENTRY--PERSONAL NAME | |
| Personal name | Adichie, Chimamanda Ngozi, |
| Dates associated with a name | 1977- |
| 9 (RLIN) | 9953 |
| 245 14 - TITLE STATEMENT | |
| Title | The thing around your neck / |
| Statement of responsibility, etc | Chimamanda Ngozi Adichie. |
| 260 ## - PUBLICATION, DISTRIBUTION, ETC. (IMPRINT) | |
| Place of publication, distribution, etc | Nigeria : |
| Name of publisher, distributor, etc | Farafina, |
| Date of publication, distribution, etc | c2009. |
| 300 ## - PHYSICAL DESCRIPTION | |
| Extent | 217 p. ; |
| 505 0# - FORMATTED CONTENTS NOTE | |
| Formatted contents note | Cell one -- Imitation -- A private experience -- Ghosts -- On Monday of last week -- Jumping monkey hill -- The thing around your neck -- The American embassy -- The shivering -- The arrangers of marriage -- Tomorrow is too far -- The headstrong historian. |
| 520 ## - SUMMARY, ETC. | |
| Summary, etc | A collection of twelve stories includes the tale of a medical student in hiding with a poor Muslim woman, and a woman who discovers a devastating secret about her brother's death. |
| 650 #0 - SUBJECT ADDED ENTRY--TOPICAL TERM | |
| Topical term or geographic name as entry element | Short stories, Nigerian (English) |
| 9 (RLIN) | 9954 |
| 651 #0 - SUBJECT ADDED ENTRY--GEOGRAPHIC NAME | |
| Geographic name | Nigeria |
| Form subdivision | Fiction. |
| 9 (RLIN) | 9955 |
| 655 #7 - INDEX TERM--GENRE/FORM | |
| Genre/form data or focus term | Bildungsromans. |
| Source of term | gsafd |
| 9 (RLIN) | 9956 |
| 906 ## - LOCAL DATA ELEMENT F, LDF (RLIN) | |
| a | 7 |
| b | cbc |
| c | copycat |
| d | 3 |
| e | ncip |
| f | 20 |
| g | y-gencatlg |
| 942 ## - ADDED ENTRY ELEMENTS (KOHA) | |
| Source of classification or shelving scheme | Library of Congress Classification |
| Koha item type | Monograph ( Printed materials) |
| Koha issues (borrowed), all copies | 5 |
| Withdrawn status | Lost status | Source of classification or shelving scheme | Damaged status | Not for loan | Collection code | Home library | Current library | Shelving location | Date acquired | Total Checkouts | Full call number | Barcode | Date last seen | Date checked out | Price effective from | Koha item type |
|---|---|---|---|---|---|---|---|---|---|---|---|---|---|---|---|---|
| Library of Congress Classification | Main Collection | ARRUPE LIBRARY | ARRUPE LIBRARY | Main Collection | 23/04/2014 | 10 | PR9387.9.A34 T45 2009 | 46500001646 | 26/08/2020 | 22/05/2020 | 23/04/2014 | Monograph ( Printed materials) |